000
00317 a2200109 4500
001
ART_25827
005
20260410161602.0
008
260409a
245
1
0
_a
Contabilidad social
100
1
_a
García Casella, Carlos Luis
773
0
_t
Profesional & Empresaria
_g
- Año VI, Nº 71 (ago. 2005)
_w
REV70
999
_c
9787
_d
9787